Bytový dom

Salvato in:
Dettagli Bibliografici
Autore principale: Šujanová, Denisa (Autore)
Altri autori: Jakeš, Erik (Relatore della tesi)
Natura: Manoscritto Libro
Lingua:slovacco
Pubblicazione: 2016
Soggetti:
Accesso online:http://is.stuba.sk/zp/portal_zp.pl?podrobnosti=99931
https://opac.crzp.sk/?fn=detailBiblioForm&sid=CAF43C23BCEFEBA4BFC81ABCB6F5
Tags: Aggiungi Tag
Nessun Tag, puoi essere il primo ad aggiungerne!!

MARC

LEADER 00000ntm a22000003a 4500
001 stuzp56411
003 SK-STU
005 20230719144626.2
007 ta
008 150427s2015----xo-----f-mn---000-0-slo-d
040 |a STU  |b slo 
041 0 |a slo 
100 1 |a Šujanová, Denisa  |u 010180  |4 aut  |U SvF Stavebná fakulta  |T SvF Katedra konštrukcií pozemných stavieb  |X 55647  |U V180  |Y 18  |7 55647 
242 0 1 |a Apartment building  |y eng 
245 1 0 |a Bytový dom 
260 |c 2016 
650 4 |a tepelno-technické posúdenie  |2 slo 
650 4 |a výkresová dokumentácia  |2 slo 
650 4 |a polyfunkčný bytový dom  |2 slo 
650 4 |a projekt na realizáciu stavby  |2 slo 
650 4 |a thermo-technical assessment  |2 eng 
650 4 |a multifunctional apartment building  |2 eng 
650 4 |a project for building realization  |2 eng 
650 4 |a drawings  |2 eng 
700 1 |a Jakeš, Erik  |u 010180  |k Z1  |4 ths  |U SvF Stavebná fakulta  |T SvF Katedra konštrukcií pozemných stavieb  |X 2701  |U V180  |Y 18  |7 A000002701 
856 4 |u http://is.stuba.sk/zp/portal_zp.pl?podrobnosti=99931 
856 4 |u https://opac.crzp.sk/?fn=detailBiblioForm&sid=CAF43C23BCEFEBA4BFC81ABCB6F5 
SQL |a stuzp56411  |b DBP  |c SLO  |d Bytový dom  |e 55647  |f Šujanová, Denisa  |g 010180  |h 2701  |i Jakeš, Erik  |j 20160622  |k 4  |l 01  |m http://is.stuba.sk/zp/portal_zp.pl?podrobnosti=99931  |n B-PSA  |o 5.1.4. pozemné stavby, 5.1.1. architektúra a urbanizmus